000 00490ntaaa2200193 4500
003 01
005 20251027201814.0
008 0714s1973 ag 01
040 _aAR-BaBN
_bspa
_cAR-BaBN
_eaacr
_dRIC
082 _a242.2100 C67m
100 _aColeman, William L.
245 _aMi maquina maravillosa
250 _a1 ed.
260 _aPuerto Rico :
_bBetania,
_c1982
300 _a140 p ;
_cilu. ; 20 cm
650 _afamilia-vida religiosa
_910630
650 _adevocionario
942 _cBK
999 _c12697
_d12697